| 000 | 00773cab a2200253 4500 | ||
|---|---|---|---|
| 001 | WB2731-12 | ||
| 008 | 090401t1991 xxu||||| |||| 00| 0 eng d | ||
| 035 | _a(Sirsi) u56500 | ||
| 041 | _aeng | ||
| 245 | _aDevelopers decry UK Land tactics | ||
| 260 | _c1991 | ||
| 350 | _a0 | ||
| 490 |
_aDaily Telegraph _v3/8/91 p14 |
||
| 490 |
_aMoney Week _vno 218 7/8/91 p36 |
||
| 520 | _aUK Land has been criticised by property developers for its recent decision to place loss-making subsidiaries into receivership . | ||
| 650 | _aBANK LENDING | ||
| 650 | _aBUSINESS ETHICS | ||
| 650 | _aLIQUIDATION | ||
| 650 | _aPROPERTY COMPANIES | ||
| 650 | _aROSEHAUGH | ||
| 690 | _aPROPERTY-RESIDENTIAL PROPERTY-RESIDENTIAL PROPERTY MARKET | ||
| 942 | _n0 | ||
| 948 | _c04/03/1997 | ||
| 999 |
_c34461 _d34461 |
||